Análisis de problemas y toma de decisiones (Registro nro. 12921)
[ vista simple ]
| 000 -CABECERA | |
|---|---|
| Longitud fija campo de control | 01066nam a2200193 a 4500 |
| 003 - • IDENTIFICADOR DELl NÚMERO DE CONTROL | |
| Identificador del número de control | CO-ViMGA |
| 008 - • CÓDIGOS DE INFORMACIÓN DE LONGITUD FIJA | |
| Códigos de información de longitud fija | 141112s2004 ck r 000 u spa d |
| 040 ## - FUENTE DE LA CATALOGACIÓN | |
| Centro catalogador de origen | CO-ViMGA |
| Lengua de catalogación | spa |
| Centro transcriptor | CO-ViMGA |
| 082 04 - • NÚMERO DE LA CLASIFICACIÓN DECIMAL DEWEY | |
| Número de clasificación (R) | 658.403 E764 |
| 100 1# - • PUNTO DE ACCESO PRINCIPAL-NOMBRE DE PERSONA | |
| Nombre de persona | Espindola Castro, Jose Luis |
| 245 10 - • TITULO PROPIAMENTE DICHO | |
| Título | Análisis de problemas y toma de decisiones |
| 300 ## - • DESCRIPCIÓN FÍSICA | |
| Extensión | 141 p |
| 490 ## - • MENCIÓN DE SERIE | |
| Mención de serie | Desarrollo de habilidades del pensamiento |
| 505 ## - • NOTA DE CONTENIDO CON FORMATO | |
| Nota de contenido con formato | El problema Perspectivas de los problemas 23 - - Actos del habla Estados emocionales; Modos de comprensión 33 - - Pentagrama de las decisiones exitosas Conocimiento y calidad; Creatividad y oportunidad 56 - - Toma de decisiones Pensamiento estrategico en la toma de decisiones; integración del sistema; Reformulación de problemas 80 - - Resolución de problemas Ampliación de la percepción del problema; Organización de la información 107 - - Otros problemas Problemas con inferencias; Exploración sistemática 128 |
| 650 14 - • PUNTO DE ACCESO ADICIONAL DE MATERIA - TÉRMINO DE MATERIA | |
| Término de materia o nombre geográfico como elemento inicial | ADMINISTRACION - TOMA DE DECISIONES |
| 942 ## - ENTRADA DE ELEMENTOS AGREGADOS (KOHA) | |
| Fuente de clasificaión o esquema | Dewey Decimal Classification |
| Koha [por defecto] tipo de item | LIbro |
| Perdido | Fuente de clasificación o esquema | Estado Físico | No para préstamo | Forma de adquisición | Localización permanente | Localización actual | Fecha adquisición | Serie de enumeración / cronolog&íacute;a | Préstamos totales | Signatura completa | Código de barras | Fecha última consulta | Número de copia | Fecha del precio de reemplazo | Tipo de item de Koha |
|---|---|---|---|---|---|---|---|---|---|---|---|---|---|---|---|
| Dewey Decimal Classification | Sala Especializada Tercer Piso | Biblioteca Pública Germán Arciniegas - Villavicencio | Biblioteca Pública Germán Arciniegas - Villavicencio | 12/04/2015 | Volumen. 1 | 11/jun/2009 | 658.403 E764 | 03094 | 12/04/2015 | Ej. 1 | 12/04/2015 | LIbro |